000 00227nam a22000857a 4500
008 160711b xxu||||| |||| 00| 0 eng d
100 _92523
_aKhan A.Q
245 _aPower of Knowledge-5
260 _aNew Delhi
_bAngel International
_c2005
999 _c2190
_d2190